000
00210nam a22000857a 4500
008
170620b xxu||||| |||| 00| 0 eng d
100
_9
3534
_a
CBSE
245
_a
Mathematics Lab class - III - VII
260
_b
CBSE
_c
2009
999
_c
6919
_d
6919